000 00374nam a22001697a 4500
005 20160627105229.0
008 160627b xxu||||| |||| 00| 0 eng d
020 _a978-0-099-51382-7
041 _aeng
082 _b10410
100 _aWod house, P.G.
_92870
245 _aSummer Lightning
260 _bRupa
300 _a316
650 _aManagement
_9241
942 _cBK
999 _c4158
_d4157